00611nam a2200205 a 450000100060000000300080000600500170001400800410003102000150007203500190008704000180010604100080012408200220013224500570015426000640021130000250027550400640030065100200036470000210038458297BD-RjUL20211209080615.0161217s1984 enk 001 0 eng  a0904404420 a(BD-RjUL)58421 aDLCcDLCbeng aeng00a952223bEUR 198400aEurope interprets Japan /cedited by Gordon Daniels. aTenterden, Kent, England :bP. Norbury Publications,c1984. axi, 279 p. ;c22 cm. aIncludes bibliographical references (p. 245-273) and index. 0aJapanxHistory.1 aDaniels, Gordon.